LEADER 01502nam2-2200469li-450 001 990000103260203316 005 20180918155406.0 010 $a88-7075-138-4 035 $a0010326 035 $aUSA010010326 035 $a(ALEPH)000010326USA01 035 $a0010326 100 $a2001990031986-------y0itay0103----ba 101 0 $aita 102 $aIT 200 1 $aQuaderno Dewey$etemi e problemi della CDD in 150 esempi di classificazione$fAnnarita Zanobi, Elisa Grignani 210 $aMilano$cEditrice Bibliografica$dc1986 215 $a157 p$d21 cm 225 2 $aBibliografia e biblioteconomia$v26 410 0$12001$aBibliografia e biblioteconomia 610 1 $aClassificazione decimale Dewey$aEsercizi 676 $a025.431076 700 1$aZANOBI,$bAnnarita$04885 702 1$aGRIGNANI,$bElisa 801 $aIT$bsalbc$gISBD 912 $a990000103260203316 951 $a020 BIB (26)$b0011559$c020$d00106959 951 $aI.2. Coll.2/ 18(XIII COLL. 16/26)$b26928 LM$cXIII COLL. 959 $aBK 969 $aUMA 969 $aSCI 979 $c19900326 979 $c20001110$lUSA01$h1710 979 $aALANDI$b90$c20010409$lUSA01$h1123 979 $aPATTY$b90$c20020222$lUSA01$h1538 979 $aPATTY$b90$c20020222$lUSA01$h1539 979 $c20020403$lUSA01$h1618 979 $aPATRY$b90$c20040406$lUSA01$h1608 979 $aCOPAT4$b90$c20050224$lUSA01$h1443 979 $aCOPAT1$b90$c20060329$lUSA01$h1402 996 $aQuaderno Dewey$91490572 997 $aUNISA LEADER 02123nam 2200613 a 450 001 9910779895603321 005 20230803020927.0 010 $a0-8139-3434-6 035 $a(CKB)2550000001065357 035 $a(OCoLC)854569524 035 $a(CaPaEBR)ebrary10723955 035 $a(SSID)ssj0000916077 035 $a(PQKBManifestationID)11466122 035 $a(PQKBTitleCode)TC0000916077 035 $a(PQKBWorkID)10870447 035 $a(PQKB)10167586 035 $a(MiAaPQ)EBC3444124 035 $a(OCoLC)851431304 035 $a(MdBmJHUP)muse27794 035 $a(Au-PeEL)EBL3444124 035 $a(CaPaEBR)ebr10723955 035 $a(CaONFJC)MIL500371 035 $a(EXLCZ)992550000001065357 100 $a20130223d2013 uy 0 101 0 $aeng 135 $aurcn||||||||| 181 $ctxt 182 $cc 183 $acr 200 14$aThe most defiant devil$b[electronic resource] /$fGregory J. Dehler 210 $aCharlottesville $cUniversity of Virginia Press$d2013 215 $a1 online resource (272 p.) 300 $aBibliographic Level Mode of Issuance: Monograph 311 $a0-8139-3410-9 311 $a1-299-69120-X 320 $aIncludes bibliographical references and index. 327 $aIowa farm boy -- Collecting hunter and naturalist -- Stuffed and living animals -- Director of the Bronx Zoo -- Campfires and conservation -- Our vanishing wildlife -- The great war -- Fighting the establishment -- Fighting to the end. 517 1 $aWilliam Temple Hornaday and his controversial crusade to save American wildlife 606 $aNaturalists$zUnited States$vBiography 606 $aZoologists$zUnited States$vBiography 606 $aWildlife conservationists$zUnited States$vBiography 615 0$aNaturalists 615 0$aZoologists 615 0$aWildlife conservationists 676 $a590.92 676 $aB 700 $aDehler$b Gregory J.$f1968-$01578083 801 0$bMiAaPQ 801 1$bMiAaPQ 801 2$bMiAaPQ 906 $aBOOK 912 $a9910779895603321 996 $aThe most defiant devil$93857206 997 $aUNINA